| 000 | 00578cam a2200205 4500 | ||
|---|---|---|---|
| 001 | BUCI010904 | ||
| 008 | t19741974mx spa | ||
| 035 | _aBUCI010904 | ||
| 100 | 1 | _aGarzón Bates, Juan | |
| 245 | 1 | 0 |
_aCarlos Marx : _ontología y revolución / _cJuan Garzón Bates. |
| 250 | _a1a. ed. | ||
| 260 |
_aMéxico : _bGrijalbo, _c1974 |
||
| 300 |
_axix, 336 p. ; _c20 cm. |
||
| 440 | 0 |
_aTeoría y praxis ; _vno. 4 |
|
| 504 | _aIncluye índice | ||
| 650 | 4 | _aMarx, Karl, 1818-1883 | |
| 650 | 4 | _aRevoluciones | |
| 942 |
_2lcc _cLIB |
||
| 999 |
_c120501 _d120501 |
||